000 00390nam a2200121Ia 4500
008 240731s9999 xx 000 0 und d
022 _a1532-4117
245 0 _aJournal of Environmental Science and Health, Part A : Toxic/Hazardous Substances and Environmental Engineering
260 _bTaylor & Francis
856 _uhttps://www.tandfonline.com/loi/lesa20
942 _2ddc
942 _cTFEJ
999 _c77687
_d77687
945 _a1
_bMadushi Gamage
_c1
_dMadushi Gamage